Numerical methods : (Record no. 20030)

MARC details
000 -LEADER
fixed length control field 01305nam a2200361 i 4500
003 - CONTROL NUMBER IDENTIFIER
control field EG-ScBUE
005 - DATE AND TIME OF LATEST TRANSACTION
control field 20241118153710.0
006 - FIXED-LENGTH DATA ELEMENTS--ADDITIONAL MATERIAL CHARACTERISTICS--GENERAL INFORMATION
fixed length control field m||||fq||h 00| 0
008 - FIXED-LENGTH DATA ELEMENTS--GENERAL INFORMATION
fixed length control field 150629s2012 ii a f b 001 0 eng d
020 ## - INTERNATIONAL STANDARD BOOK NUMBER
International Standard Book Number 9788122433234
040 ## - CATALOGING SOURCE
Original cataloging agency EG-ScBUE
Language of cataloging eng
Description conventions rda
Transcribing agency EG-ScBUE
Modifying agency EG-ScBUE
082 04 - DEWEY DECIMAL CLASSIFICATION NUMBER
Classification number 519.4
Item number JAI
Edition number 22
100 1# - MAIN ENTRY--PERSONAL NAME
Personal name Jain, M. K.
Dates associated with a name 1932-
9 (RLIN) 38667
Fuller form of name (Mahinder Kumar),
Relator term author.
245 10 - TITLE STATEMENT
Title Numerical methods :
Remainder of title for scientific and engineering computation /
Statement of responsibility, etc M. K. Jain, S. R. K. Iyengar, R. K. Jain, Department of Mathematics Indian Institute of Technology, Delhi
250 ## - EDITION STATEMENT
Edition statement Sixth edition.
264 ## - PUBLICATION, DISTRIBUTION, ETC. (IMPRINT)
Place of publication, distribution, etc New Delhi :
Name of publisher, distributor, etc New Age International Limited,
Date of publication, distribution, etc 2012.
300 ## - PHYSICAL DESCRIPTION
Extent xi, 722 pages ;
Other physical details illustrations ;
Dimensions 24 cm. +
Accompanying material 1 CD
336 ## - CONTENT TYPE
Source rdacontent
Content type term sounds
Content type code snd
336 ## - CONTENT TYPE
Source rdacontent
Content type term text
Content type code txt
337 ## - MEDIA TYPE
Source rdamedia
Media type term audio
Media type code s
337 ## - MEDIA TYPE
Source rdamedia
Media type term unmediated
Media type code n
338 ## - CARRIER TYPE
Source rdacarrier
Carrier type term computer disc
Carrier type code cd
338 ## - CARRIER TYPE
Source rdacarrier
Carrier type term volume
Carrier type code nc
490 0# - SERIES STATEMENT
Series statement New age
504 ## - BIBLIOGRAPHY, ETC. NOTE
Bibliography, etc Includes bibliographical references and index.<br/>
650 #7 - SUBJECT ADDED ENTRY--TOPICAL TERM
Topical term or geographic name as entry element Numerical analysis.
Source of heading or term BUEsh
651 ## - SUBJECT ADDED ENTRY--GEOGRAPHIC NAME
Source of heading or term BUEsh
653 ## - INDEX TERM--UNCONTROLLED
Resource For college Engineering, General
Arrived date list June2015
-- November2015
655 ## - INDEX TERM--GENRE/FORM
Form subdivision Reading book
700 1# - ADDED ENTRY--PERSONAL NAME
Personal name Iyengar, S. R. K.,
Relator term author.
700 1# - ADDED ENTRY--PERSONAL NAME
Personal name Jain, R. K.,
Relator term author.
942 ## - ADDED ENTRY ELEMENTS (KOHA)
Source of classification or shelving scheme Dewey Decimal Classification
Koha item type Book - Borrowing
Holdings
Withdrawn status Lost status Source of classification or shelving scheme Damaged status Not for loan Collection code Home library Current library Shelving location Date acquired Source of acquisition Cost, normal purchase price Serial Enumeration / chronology Total Checkouts Total Renewals Full call number Barcode Date last seen Date checked out Cost, replacement price Koha item type Price effective from
    Dewey Decimal Classification     Alahram Central Library Central Library First floor 29/06/2015 Purchase 107.00 304 2 5 519.4 JAI 000039077 15/07/2025 25/02/2017 133.75 Book - Borrowing  
    Dewey Decimal Classification     Alahram Central Library Central Library First floor 04/11/2015 Purchase 107.00 304     519.4 JAI 000031241 24/08/2022   133.75 CD | DVD - With book 04/11/2015